000 01054nam a22003137a 4500
001 451
005 20240105090741.0
020 _a0439096960 (hc)
020 _a0439096979
020 _a0439096979 (pb)
040 _aDLC
_cDLC
_dDLC
_dFISKH
050 0 0 _aQL122.2
_b.R66 2000
082 0 0 _a591.77
_221
100 1 _aRose, Deborah Lee.
245 1 0 _aInto the A, B, sea :
_ban ocean alphabet /
_cby Deborah Lee Rose ; pictures by Steve Jenkins.
250 _a1st ed.
260 _aNew York :
_bScholastic Press,
_c2000.
300 _a20 leaves of plates :
_bcol. ill. ;
_c29 cm.
505 _aF
520 _aAn alphabet book featuring twenty-six animals found in the ocean and including endnotes giving additional details about each of these sea creatures.
521 _a400
_bLexile AD
650 0 _aMarine animals
_vJuvenile literature.
650 0 _aAlphabet books.
650 1 _aMarine animals.
650 1 _aAlphabet.
700 1 _aJenkins, Steve,
_d1952-
_eill.
906 _a7
_bcbc
_corignew
_d1
_eocip
_f19
_gy-gencatlg
942 _2ddc
_cBK
_n0
999 _c451
_d451